1603 1697 1427 1945 1711 1370 1569 1235 1552 1221 1634 1705 1133 1168 1942 1580 1662 1399 1112 1683 1640 1109 1035 1842 1773 1769 1514 1727 1933 1036 1184 1419 1894 1936 1161 1829 1671 1010 1283 1292 1916 1462 1535 1076 1085 1342 1730 1116 1580 1629 1669 1542 1395 1045 1405 1734 1399 1750 1386 1402 1940 1741 1506 1292 1908 1827 1379 1918 1922 1452 1300 1647 1383 1634 1223 1240 1780 1832 1838 1372 1044 1323 1568 1197 1203 1816 1837 1203 1860 1989 1874 1245 1210 1940 1200 1795 1510 1669 1359 BCNSPRNW ULIB Ver.6.0+V

เปลี่ยนเป็นภาษาไทย

Change to English
 แสดงรายละเอียดบรรณานุกรม
  กลับหน้าหลัก

Brief Record : Get Marc (ISO 2709) : E-mail record : QR code < ปิดหน้าต่าง
LEADER : 00000nam 2200000uu 4500
001    13399127038
003     ULIB
008    020711s2561 th a 000 0 tha d
020    ^a9786163920324
060    ^aWS103^bก344น
110    ^aกองบรรณาธิการสำนักพิมพ์โลกหนังสือ
245    ^aนักดนตรีสี่สหาย ชุดนิทานคลาสสิก 2 ภาษา (ไทย-อังกฤษ) หนูอ่านเองได้
250    ^aพิมพ์ครั้งที่ 1
260    ^aกรุงเทพฯ :^bบริษัทสำนักพิมพ์โลกหนังสือ จำกัด,^c2561
300    ^a12 หน้า;^b21 ซม.
650    ^aเด็ก^xการเรียนการสอน
945    ^p50^l0^i006226
999    ^aประนอม เกษจรัล
รายการนี้ยังไม่มีแท็ก
คุณยังไม่ได้ล็อกอิน คุณสามารถมีกิจกรรมร่วมกับเว็บไซต์ได้ แต่ต้องล็อกอินก่อน ::
  ล็อกอิน

รายการสื่อสารสนเทศ

ลำดับที่ ประเภท เลขเรียก/บาร์โค้ด สถานที่ สถานะ
1. วิทยาศาสตร์การแพทย์ และสุขภาพ
วิทยาศาสตร์การแพทย์ และสุขภาพ
WS103 ก344น ฉ.1 
  Barcode: 006226
ห้องสมุดวิทยาเขตสวรรค์ประชารักษ์
►หนังสือทั่วไป
ถูกยืม กำหนดส่งวันที่ 25 เมษายน 2568
  จอง

BibComment


ยังไม่เคยถูกคอมเมนท์

คอมเมนท์ทรัพยากรรายการนี้
  คอมเมนท์: นักดนตรีสี่สหาย ..


 Copyright 2026. Bcnsprnw @Library